A tale of the cities (Record no. 107459)

MARC details
000 -LEADER
fixed length control field 01273cam a22002055a 4500
001 - CONTROL NUMBER
control field L140252
008 - FIXED-LENGTH DATA ELEMENTS--GENERAL INFORMATION
fixed length control field 070912s2007 xxkbo f s 000 0 eng d
035 ## - SYSTEM CONTROL NUMBER
System control number (Sirsi) u140252
041 0# - LANGUAGE CODE
Language code of text/sound track or separate title eng
050 04 - LIBRARY OF CONGRESS CALL NUMBER
Classification number 711.1 $2 18
110 2# - MAIN ENTRY--CORPORATE NAME
Corporate name or jurisdiction name as entry element British Chambers of Commerce
9 (RLIN) 3684
245 02 - TITLE STATEMENT
Title A tale of the cities
Remainder of title the best of times?
Medium [electronic resource]
260 ## - PUBLICATION, DISTRIBUTION, ETC.
Place of publication, distribution, etc. London
Name of publisher, distributor, etc. BCC
Date of publication, distribution, etc. 2007
520 ## - SUMMARY, ETC.
Summary, etc. Argues that in order for the devolution of power to city regions to spread wealth and prosperity across city regions, business must work alongside city councils. These arrangements should be formalised and consist of a transfer of resources and control to sub-regional level. Businesses and local councils should work together to develop transport infrastructure, to provide workforce training and other key development priorities. Presents essays from local Chambers of Commerce in nine key UK cities giving accounts of how this kind of cooperation can deliver regeneration and drive economic success.
590 ## - LOCAL NOTE (RLIN)
Local note KA
651 #4 - SUBJECT ADDED ENTRY--GEOGRAPHIC NAME
Geographic name United Kingdom
Chronological subdivision
690 ## - LOCAL SUBJECT ADDED ENTRY--TOPICAL TERM (OCLC, RLIN)
Topical term or geographic name as entry element ENVIRONMENTAL AND LAND CONSULTANCY-PLANNING AND DEVELOPMENT
856 40 - ELECTRONIC LOCATION AND ACCESS
Uniform Resource Identifier <a href="https://www.britishchambers.org.uk/zones/policy/reports">https://www.britishchambers.org.uk/zones/policy/reports</a>
Public note View the item free of charge at www.britishchambers.org.uk
942 ## - ADDED ENTRY ELEMENTS (KOHA)
Suppress in OPAC 0
Holdings
Withdrawn status Lost status Source of classification or shelving scheme Damaged status Not for loan Home library Current library Shelving location Date acquired Total Checkouts Full call number Barcode Date last seen Copy number Price effective from Koha item type
    Dewey Decimal Classification     Virtual Virtual Online 12/09/2007   ONLINE PUBLICATION 140252-2001 06/08/2019 1 06/08/2019 Book